Bird Song Lyrics (Florence + the Machine) - Statistics

General Stats
  • This quiz has been taken 116 times
  • The average score is 182 of 226
Answer Stats
Lyrics % Correct
I
100%
a
98%
bird
98%
so
95%
and
93%
but
93%
he
93%
in
93%
it
92%
song
92%
to
92%
do
90%
the
88%
couldn't
87%
flew
87%
hear
87%
him
87%
my
87%
that
87%
was
87%
would
87%
by
85%
clear
85%
sang
85%
sing
85%
anyone
83%
house
83%
inside
83%
last
83%
loud
83%
neighbours
83%
tell
83%
what
83%
with
83%
ever
82%
out
82%
wouldn't
82%
afraid
80%
again
80%
didn't
80%
his
80%
neck
80%
on
80%
reason
80%
you'll
80%
broke
78%
get
78%
louder
78%
that's
78%
Well
78%
I'd
77%
just
77%
make
77%
promised
77%
stop
77%
about
75%
scream
75%
up
75%
become
73%
box
73%
invited
73%
said
73%
all
72%
done
72%
mouth
72%
outside
72%
saw
72%
shout
72%
lesson
70%
nest
70%
trapped
70%
tweet
70%
down
68%
forget
68%
from
68%
set
68%
stood
68%
no
65%
opened
63%
taught
63%
coming
62%
familiar
62%
held
62%
dreams
58%
picked
58%
old
57%
under
53%
arms
52%
began
50%
cardboard
50%
din
45%
above
42%
creep
40%
waved
38%
flapped
30%
No matching quizzes found
Score Distribution
Percent of People with Each Score
Percentile by Number Answered
Your Score History
You have not taken this quiz